RICS valuation (Record no. 115072)

MARC details
000 -LEADER
fixed length control field 03590cad a22003255a 4500
001 - CONTROL NUMBER
control field L158006
008 - FIXED-LENGTH DATA ELEMENTS--GENERAL INFORMATION
fixed length control field 131031s2013 xxk f f 001 0 eng d
020 ## - INTERNATIONAL STANDARD BOOK NUMBER
International Standard Book Number 9781783210251
035 ## - SYSTEM CONTROL NUMBER
System control number (Sirsi) u158006
041 0# - LANGUAGE CODE
Language code of text/sound track or separate title eng
050 04 - LIBRARY OF CONGRESS CALL NUMBER
Classification number 333.332 $2 18
110 2# - MAIN ENTRY--CORPORATE NAME
Corporate name or jurisdiction name as entry element Royal Institution of Chartered Surveyors
9 (RLIN) 4900
240 00 - UNIFORM TITLE
Uniform title Red Book
245 00 - TITLE STATEMENT
Title RICS valuation
Remainder of title professional standards January 2014, incorporating the IVSA International Valuation Standards
Medium [electronic resource]
260 ## - PUBLICATION, DISTRIBUTION, ETC.
Place of publication, distribution, etc. London
Name of publisher, distributor, etc. RICS
Date of publication, distribution, etc. 2013
490 #0 - SERIES STATEMENT
Series statement RICS Guidance Note
490 #0 - SERIES STATEMENT
Series statement RICS Valuation Standards
490 #0 - SERIES STATEMENT
Series statement RICS Professional Standards Global and UK
490 ## - SERIES STATEMENT
Series statement RICS Red Book
505 2# - FORMATTED CONTENTS NOTE
Formatted contents note Introduction -- RICS Glossary -- RICS Professional Standards (PS) -- RICS Global Valuation Practice Statements -- (VPS) -- IVSC International Valuation Standards (IVS) -- RICS Global Practice Guidance - Applications (VPGAs) -- Overview of changes made to the 2012 global valuation standards, appendices and guidance notes -- RICS Valuation Standards -- RICS UK Appendices -- RICS UK guidance notes -- Index
520 ## - SUMMARY, ETC.
Summary, etc. 01/05/2015 - The UK and global portions are now issued separately. (L158561 - UK version and L158701 - global version). The June reprint of the global Valuation Standards incorporates the December 2013 correction, minor errata and an updated index. References only relevant to the UK portion have been removed and pages on other publications have been removed.
520 ## - SUMMARY, ETC.
Summary, etc. APRIL 2015 UPDATE: RICS Valuation Standards as they apply in the UK have been updated with effect from the date of publication on 27 April 2015. The changes are UK appendix 3 was revised to reflect the changes to UK GAAP effective from 1 January 2015 and to the International Standards and Auditing (UK and Ireland). UK appendix 5 was updated to reflect the changes to UK GAAP and the Code of Practice on Local Authority Accounting in the United Kingdom, published by the Chartered Institute of Public Finance and Accounting (CIPFA). A minor change was made to UKGN 7 to reflect the new UK GAAP (FRS 100-103 and FRSSE 2015) application to the financial statements of charities. In UK appendix 10, the Unexpired lease term assumption adjusted from 70 years to 85 years (applies when it is not possible to inspect the lease). Where appropriate references to UK content and to RICS publications have been updated.
520 ## - SUMMARY, ETC.
Summary, etc. JANUARY 2015 UPDATE: UK part was replaced by RICS UK valuation standards, appendices and guidance notes (L158332). Red Book UKVS 1 and the associated Appendices have been rewritten in 2014 in order to reflect the replacement of the existing UK GAAP accounting standards with a new regime, based on International Financial Reporting Standards (IFRS), taking effect from January 2015. The new UK and Republic of Ireland accounting standards affect UKVS 1 and UK appendices 1, 2, 4 and 6.
520 ## - SUMMARY, ETC.
Summary, etc. Contains mandatory rules and best practice guidance for all RICS registered valuers undertaking valuation services worldwide. Fully compliant with International Valuation Standards (IVS) issued by the International Valuation Standards Council. Effective from 6 January 2014 and applies to all valuations where the valuation date is on or after that date.
650 24 - SUBJECT ADDED ENTRY--TOPICAL TERM
Topical term or geographic name entry element RICS VALUATION STANDARDS
651 #4 - SUBJECT ADDED ENTRY--GEOGRAPHIC NAME
Geographic name International
690 ## - LOCAL SUBJECT ADDED ENTRY--TOPICAL TERM (OCLC, RLIN)
Topical term or geographic name as entry element Valuation
9 (RLIN) 6273
856 48 - ELECTRONIC LOCATION AND ACCESS
Uniform Resource Identifier <a href="https://www.isurv.com/downloads/file/6403/archived_rics_valuation_%E2%80%93_professional_standards_january_2014_global_and_uk">https://www.isurv.com/downloads/file/6403/archived_rics_valuation_%E2%80%93_professional_standards_january_2014_global_and_uk</a>
Public note Archived on isurv (subscription required)
942 ## - ADDED ENTRY ELEMENTS (KOHA)
Suppress in OPAC 0
Source of classification or shelving scheme Dewey Decimal Classification
Holdings
Withdrawn status Lost status Source of classification or shelving scheme Damaged status Not for loan Home library Current library Shelving location Date acquired Total Checkouts Full call number Date last seen Copy number Price effective from Koha item type Barcode
    Dewey Decimal Classification     Archives Archives RICS Boxes 31/10/2013   RICS 2013/12 06/08/2019 1 06/08/2019 Archive 30078241
    Dewey Decimal Classification     Archives Archives RICS Boxes 31/10/2013   RICS 2013/12 06/08/2019 2 06/08/2019 Book 30078245
    Dewey Decimal Classification     London London Books 31/10/2013   RICS 2013/4 06/08/2019 1 06/08/2019 Archive 30078234
    Dewey Decimal Classification     Virtual Virtual Online 31/10/2013   isurv 03/01/2025 4 06/08/2019 Online material